Rates and rateable values in England and Wales (Record no. 414339)

000 -LEADER
fixed length control field 00452cam a22001217a 4500
008 - FIXED-LENGTH DATA ELEMENTS--GENERAL INFORMATION
fixed length control field 180718b1970 xxu||||| |||| 00| 0 eng d
082 ## - DEWEY DECIMAL CLASSIFICATION NUMBER
Classification number L231x42 Un3
245 ## - TITLE STATEMENT
Title Rates and rateable values in England and Wales
Statement of responsibility, etc. by Department of the environment and welsh office
260 ## - PUBLICATION, DISTRIBUTION, ETC.
Place of publication, distribution, etc. London
Name of publisher, distributor, etc. Her Majesty's Stationery Office
Date of publication, distribution, etc. 1970
300 ## - PHYSICAL DESCRIPTION
Extent 90p
650 ## - SUBJECT ADDED ENTRY--TOPICAL TERM
Topical term or geographic name entry element Real property tax --Great Britain.
700 ## - ADDED ENTRY--PERSONAL NAME
Personal name U.K. Department of the environment and welsh office
Holdings
Withdrawn status Lost status Damaged status Not for loan Permanent Location Current Location Date acquired Full call number Barcode Date last seen Price effective from Koha item type
        Indian Institute of Public Administration Indian Institute of Public Administration 2009-02-24 L231x42 Un3 DA3078 2018-07-21 2018-07-21 DA

Powered by Koha